| 000 | 00475nam a2200181 a 4500 | ||
|---|---|---|---|
| 001 | 16503 | ||
| 005 | 20180713205442.0 | ||
| 008 | 140415s1987 000 0 spa d | ||
| 020 | _a847490160X | ||
| 041 | _aspa | ||
| 082 |
_a501 _bMER |
||
| 100 | 1 | _aMERINO, JOSE ANTONIO | |
| 245 | 1 | 0 | _aCIENCIA FILOSOFIA, Y EXISTENCIA |
| 260 |
_a[s.l.] : _bENCUENTRO, _c1987 |
||
| 300 | _a204 | ||
| 490 |
_aLIBROS DE BOLSILLO _v36 |
||
| 650 | 1 | 4 | _aFILOSOFIA DE LA CIENCIA |
| 999 |
_c16503 _d16503 |
||